Recyklace odpadních vod s obsahem lithia

Bibliographic Details
Main Authors: Jandová, J. (Author), Havlák, L. (Author), Kondás, J. (Author)
Format: Article
Language:Slovak
Czech
Subjects:

MARC

LEADER 00000nab a2200000 a 4500
001 vtls010258325
003 SK-MaSNL
005 20260304162206.0
008 25050722c2008 xo o |||||||||||||||sloz
015 |a SNBRB2009/05 
035 |a SVKKK000095732 
035 |a urn:nbn:sk:snk-abd60s 
035 |a (urnnbn)urn:nbn:sk:snk:ar-004oo0 
035 |a (uuid)57c73c16-6de2-43ce-a528-f84baf437945 
038 |a SVKKK 
040 |a SNKBUCL  |b slo  |c SNKBUCL  |e AACR2 
041 0 |a cze  |b eng  |b cze 
044 |a xo  |c SK 
080 |a 628.3.034.2  |2 1997 
080 |a 628.477.6-034.88  |2 1997 
100 1 |a Jandová, J.  |4 aut  |9 791644 
245 1 0 |a Recyklace odpadních vod s obsahem lithia  |c J. Jandová, L. Havlák, J. Kondás 
246 3 1 |a Recycling of lithium-containing wastewater 
300 |b Obr., tab. 
504 |a Bibliogr. odkazy 
504 |a Res. angl., čes. 
650 0 7 |a alkalické odpadové vody  |x obsah Li  |x získavanie Li2CO3  |x recyklácia  |2 snkbucl  |9 1487334 
700 1 |a Havlák, L.  |4 aut  |9 1487335 
700 1 |a Kondás, J.  |4 aut  |9 1485381 
773 0 |t Acta metallurgica slovaca  |g Roč. 14, č. 1 (2008), s. 59-65  |x 1335-1532 
850 |a Slovenská národná knižnica 
852 |a Slovenská národná knižnica 
958 |a article17 
958 |a OND 
958 |a NB 
958 |a EUIPO 
999 |c 2973607  |d 2975537